000 00588nam a2200229Ia 4500
003 OSt
005 20220916111017.0
006 a|||||r|||| 00| 0
007 ta
008 220915b |||||||| |||| 00| 0 eng d
024 _a96022
037 _cTextbook
040 _beng
_aARTS
_cARTS
041 _aeng
082 _aU8:6:N5, J11 (906)
100 _aSiegfried Andre
245 0 _aAfrican journey, tr........by Edward Fitzgerald
260 _c1951
650 _aGEOGRAPHY
942 _hU8:6:N5, J11 (906)
_cTB
_2CC
999 _c103252
_d103252